000
00299nam a2200109Ia 4500
008
170221s9999 xx 000 0 und d
245
_a
Table of Contents (page 511)
260
_c
2013
300
_a
11 : 1
650
_x
Business
856
_u
http://onlinelibrary.wiley.com/doi/10.1111/jbfa.12188/epdf
999
_c
311651
_d
311651